| 000 | 01256cam a2200373 4500 | ||
|---|---|---|---|
| 999 |
_c23316 _d23316 |
||
| 001 | vtls011931082 | ||
| 005 | 20220928133736.0 | ||
| 008 | 200507s2020 xo gr 010 f slo | ||
| 020 |
_a9788089822430 _q(viazané) |
||
| 040 |
_aSKPK _bslo _cSKPK _dSNK _erda |
||
| 041 | 1 |
_aslo _heng |
|
| 044 |
_axo _cSK |
||
| 072 | 7 |
_a821.111(73)-3 _xAmerická próza _2konspekt |
|
| 080 |
_a821.111(73)-31 _22011 |
||
| 080 |
_a(0:82-311.6) _22011 |
||
| 100 | 1 |
_aCambron, Kristy, _d1979- _4aut _93315 |
|
| 240 | 1 | 2 |
_aA Sparrow in Terezin _lSlovensky |
| 245 | 1 | 0 |
_aVrabce z Terezína _cCambronová Kristy ; preklad z anglického originálu A Sparrow in Terezin: Zuzana Vengliková |
| 250 | _aPrvé vydanie | ||
| 264 | 1 |
_a[Jezersko] _bi 527.net, s.r.o. _c2020 |
|
| 300 |
_a317 strán _c21 cm |
||
| 336 |
_atext _btxt _2rdacontent |
||
| 337 |
_abez média _bn _2rdamedia |
||
| 338 |
_azväzok _bnc _2rdacarrier |
||
| 500 | _aObsahuje biografické údaje o autorke | ||
| 500 | _aMiesto vydania podľa NA ISBN | ||
| 655 | 7 |
_aamerické romány _2SNKPH _92 |
|
| 655 | 7 |
_avojnové romány _2SNKPH _93067 |
|
| 655 | 7 |
_aAmerican novels _2SNKPHeng _91670 |
|
| 655 | 7 |
_aWar novels _2SNKPHeng _93068 |
|
| 700 | 1 |
_aVengliková, Zuzana _4trl _93316 |
|
| 958 | _aLX | ||
| 958 | _aUP | ||